[Event "13. Open Club Ajedrez Villaverde"]
[Site "Madrid ESP"]
[Date "2010.07.01"]
[Round "4.1"]
[White "Ortega Ruiz, Jose M"]
[Black "Moreno Ruiz, Javier"]
[Result "0-1"]
[WhiteElo "2292"]
[BlackElo "2485"]
[PlyCount "72"]
[EventDate "2010.06.28"]
[EventType "swiss"]
[EventRounds "9"]
[EventCountry "ESP"]
[Source "lmi"]
[SourceDate "2010.06.28"]

1. d4 Nf6 2. c4 g6 3. Nc3 Bg7 4. e4 d6 5. Nf3 O-O 6. Be2 e5 7. dxe5 dxe5 8.
Qxd8 Rxd8 9. Bg5 Re8 10. O-O-O h6 11. Bh4 Na6 12. Ne1 Be6 13. Nc2 c6 14. b4 Nd7
15. a3 Nc7 16. g4 a5 17. f3 axb4 18. axb4 Nb6 19. c5 Na4 20. Nxa4 Rxa4 21. Bd8
Na6 22. Bxa6 Rxa6 23. Kb2 Ra2+ 24. Kc3 f5 25. gxf5 gxf5 26. Rhg1 Kh7 27. Bc7
Rf8 28. Rd6 fxe4 29. fxe4 Rf3+ 30. Rd3 Rf2 31. Rd2 Rxd2 32. Kxd2 Bb3 33. Rc1 h5
34. Kc3 Ba4 35. Ra1 Rxc2+ 36. Kd3 Bb3 0-1

[Event "13. Open Club Ajedrez Villaverde"]
[Site "Madrid ESP"]
[Date "2010.07.01"]
[Round "4.2"]
[White "Hernando Pertierra, Jose Carlos"]
[Black "Ramirez Garcia, Jorge Alberto"]
[Result "1/2-1/2"]
[WhiteElo "2376"]
[BlackElo "2217"]
[PlyCount "80"]
[EventDate "2010.06.28"]
[EventType "swiss"]
[EventRounds "9"]
[EventCountry "ESP"]
[Source "lmi"]
[SourceDate "2010.06.28"]

1. Nf3 d5 2. c4 e6 3. b3 Nf6 4. Bb2 Be7 5. g3 b6 6. Bg2 Bb7 7. O-O c5 8. cxd5
exd5 9. d4 O-O 10. Nc3 Nbd7 11. Rc1 Re8 12. e3 Bf8 13. Rc2 Rc8 14. Bh3 c4 15.
Ne5 cxb3 16. axb3 Nxe5 17. Bxc8 Bxc8 18. dxe5 Rxe5 19. Ne2 Rf5 20. Nd4 Rg5 21.
Nc6 Qd7 22. f4 Rg4 23. Ne5 Qb7 24. Bd4 Bf5 25. Rc6 Nd7 26. Nxd7 Qxd7 27. Qc1
Ba3 28. Qxa3 Qxc6 29. Rc1 Qb5 30. Qe7 h5 31. Qe5 Qd3 32. Qe8+ Kh7 33. Qxf7 Rg6
34. Qxd5 h4 35. Qf3 hxg3 36. hxg3 Rh6 37. Qb7 Rg6 38. Qh1+ Rh6 39. Qb7 Rg6 40.
Qh1+ Rh6 1/2-1/2

[Event "13. Open Club Ajedrez Villaverde"]
[Site "Madrid ESP"]
[Date "2010.07.01"]
[Round "4.3"]
[White "Longa Yauca, Javier"]
[Black "Lopez-Andujar Ocaña, Antonio"]
[Result "1-0"]
[WhiteElo "2285"]
[BlackElo "2118"]
[PlyCount "61"]
[EventDate "2010.06.28"]
[EventType "swiss"]
[EventRounds "9"]
[EventCountry "ESP"]
[Source "lmi"]
[SourceDate "2010.06.28"]

1. d4 Nf6 2. Nf3 e6 3. c4 c5 4. d5 b5 5. Bg5 exd5 6. cxd5 h6 7. Bxf6 Qxf6 8.
Qc2 d6 9. e4 a6 10. a4 b4 11. Nbd2 Be7 12. Nc4 Nd7 13. a5 O-O 14. Bd3 Re8 15.
O-O Bf8 16. Rfe1 g5 17. h3 Bg7 18. Qa4 Rb8 19. e5 dxe5 20. Nfxe5 Rb5 21. Nc6
Rf8 22. Re3 h5 23. Rf3 Qh6 24. Ne7+ Kh8 25. Nxc8 g4 26. Rf5 Rxc8 27. Re1 Rf8
28. Qd1 Nf6 29. Ne5 Rb7 30. hxg4 hxg4 31. Nxg4 1-0

[Event "13. Open Club Ajedrez Villaverde"]
[Site "Madrid ESP"]
[Date "2010.07.01"]
[Round "4.4"]
[White "Pastor Alonso De Prado, Emilio"]
[Black "Cruz Monzon, Jose"]
[Result "1-0"]
[WhiteElo "2195"]
[BlackElo "1984"]
[PlyCount "119"]
[EventDate "2010.06.28"]
[EventType "swiss"]
[EventRounds "9"]
[EventCountry "ESP"]
[Source "lmi"]
[SourceDate "2010.06.28"]

1. e4 c5 2. Nf3 Nc6 3. Bb5 d6 4. O-O Bd7 5. Re1 e5 6. c3 Nf6 7. d4 cxd4 8. cxd4
Nxd4 9. Nxd4 exd4 10. Bxd7+ Qxd7 11. Qxd4 Be7 12. e5 dxe5 13. Qxe5 O-O-O 14.
Be3 Bd6 15. Qa5 b6 16. Qa6+ Qb7 17. Qc4+ Qc7 18. Qxc7+ Bxc7 19. Na3 Ng4 20. g3
Nxe3 21. Rxe3 Rhe8 22. Rxe8 Rxe8 23. Kf1 a6 24. Rc1 Kb7 25. Nc4 b5 26. Ne3 Rd8
27. Rc2 g6 28. Ng2 Rd1+ 29. Ne1 Ba5 30. Re2 Kc6 31. f3 Rb1 32. a3 Bxe1 33. Rxe1
Rxb2 34. Re7 Rb3 35. Rxf7 Rxa3 36. Ke2 Ra2+ 37. Kd3 Rxh2 38. Rf6+ Kb7 39. Kc3
Rh5 40. g4 Rc5+ 41. Kb4 Rc4+ 42. Kb3 a5 43. Rf7+ Rc7 44. Rf6 Re7 45. Kc3 b4+
46. Kc4 Ka7 47. f4 Rb7 48. Kb3 Rb6 49. Rf7+ Ka6 50. Rxh7 Kb5 51. Rh6 a4+ 52.
Kb2 Kc4 53. f5 a3+ 54. Kb1 b3 55. Rxg6 Rb8 56. Rc6+ Kb5 57. Rc1 Rd8 58. f6 Rd2
59. Rf1 Kb4 60. f7 1-0

[Event "13. Open Club Ajedrez Villaverde"]
[Site "Madrid ESP"]
[Date "2010.07.01"]
[Round "4.5"]
[White "Sanchez Millan, Eduardo"]
[Black "Gemy, Jose Daniel"]
[Result "1/2-1/2"]
[WhiteElo "1976"]
[BlackElo "2271"]
[PlyCount "57"]
[EventDate "2010.06.28"]
[EventType "swiss"]
[EventRounds "9"]
[EventCountry "ESP"]
[Source "lmi"]
[SourceDate "2010.06.28"]

1. c4 e6 2. Nc3 Nf6 3. d4 Bb4 4. Qc2 d5 5. cxd5 exd5 6. Bf4 c6 7. e3 O-O 8. Bd3
h6 9. a3 Bd6 10. Nge2 Nh5 11. Bxd6 Qxd6 12. O-O f5 13. f3 Be6 14. e4 fxe4 15.
fxe4 Nd7 16. e5 Qe7 17. Bh7+ Kh8 18. Bg6 Qg5 19. Bxh5 Rxf1+ 20. Rxf1 Qxh5 21.
Nf4 Qe8 22. Ng6+ Kg8 23. Ne2 Bf7 24. Nef4 Bxg6 25. Nxg6 Qe6 26. Nf4 Qe7 27. Ng6
Qe6 28. Nf4 Qe7 29. Ng6 1/2-1/2

[Event "13. Open Club Ajedrez Villaverde"]
[Site "Madrid ESP"]
[Date "2010.07.01"]
[Round "4.6"]
[White "Argente Rodriguez, Juan Jose"]
[Black "Cortes Jurado, Rafael"]
[Result "0-1"]
[WhiteElo "2128"]
[BlackElo "2076"]
[PlyCount "50"]
[EventDate "2010.06.28"]
[EventType "swiss"]
[EventRounds "9"]
[EventCountry "ESP"]
[Source "lmi"]
[SourceDate "2010.06.28"]

1. c4 b6 2. d4 Bb7 3. Nf3 e6 4. g3 Nf6 5. Bg2 Be7 6. O-O O-O 7. Nc3 Ne4 8. Qc2
Nxc3 9. Qxc3 d6 10. Re1 f5 11. b3 c5 12. e3 Nc6 13. Bb2 Bf6 14. Rad1 Qe7 15.
Qc1 Rad8 16. Bc3 e5 17. d5 Nb8 18. e4 fxe4 19. Rxe4 Bc8 20. g4 Qf7 21. g5 Be7
22. Qe3 Qh5 23. Rh4 Rxf3 24. Rxh5 Rxe3 25. fxe3 Bg4 0-1

[Event "13. Open Club Ajedrez Villaverde"]
[Site "Madrid ESP"]
[Date "2010.07.01"]
[Round "4.7"]
[White "Cabañas Bravo, Juan Andres"]
[Black "Garcia Diaz, Victor Manuel"]
[Result "1-0"]
[WhiteElo "2057"]
[BlackElo "2113"]
[PlyCount "103"]
[EventDate "2010.06.28"]
[EventType "swiss"]
[EventRounds "9"]
[EventCountry "ESP"]
[Source "lmi"]
[SourceDate "2010.06.28"]

1. e4 e6 2. d4 d5 3. Nc3 Bb4 4. Bd2 dxe4 5. Qg4 Nf6 6. Qxg7 Rg8 7. Qh6 Qxd4 8.
O-O-O Bf8 9. Qh4 Rg4 10. Qh3 Qxf2 11. Be2 Rh4 12. Qxh4 Qxh4 13. g3 e3 14. gxh4
exd2+ 15. Kb1 Bh6 16. Nh3 Bd7 17. Ng5 Bc6 18. Rhf1 Nbd7 19. Rxd2 Ke7 20. Bb5
Rg8 21. Bxc6 bxc6 22. Nce4 Rg7 23. Rdf2 Bxg5 24. Nxg5 h6 25. Nf3 Ne4 26. Re2 f5
27. Rd1 Kf6 28. a3 e5 29. Rg1 Rxg1+ 30. Nxg1 Nf8 31. Nf3 Ng6 32. Rg2 Nd6 33. h5
Nf4 34. Rg8 e4 35. Nh4 Nxh5 36. Rg6+ Ke5 37. Rxh6 Nf4 38. Kc1 e3 39. Nf3+ Ke4
40. Ng5+ Kd5 41. Rh7 Ng2 42. Kd1 Ke5 43. Ke2 Nc4 44. Nf3+ Kd5 45. Rd7+ Ke6 46.
Rxc7 Nf4+ 47. Ke1 Kd5 48. Re7 Ne6 49. h4 f4 50. h5 Nd6 51. h6 Nf5 52. Rxe6 1-0

[Event "13. Open Club Ajedrez Villaverde"]
[Site "Madrid ESP"]
[Date "2010.07.01"]
[Round "4.8"]
[White "Aziz Ortego, Omar Luis"]
[Black "Aguado Solana, Juan"]
[Result "0-1"]
[WhiteElo "2091"]
[BlackElo "2038"]
[PlyCount "48"]
[EventDate "2010.06.28"]
[EventType "swiss"]
[EventRounds "9"]
[EventCountry "ESP"]
[Source "lmi"]
[SourceDate "2010.06.28"]

1. d4 d5 2. c4 Nc6 3. Nf3 Bg4 4. cxd5 Bxf3 5. dxc6 Bxc6 6. Nc3 Nf6 7. f3 e5 8.
dxe5 Nd7 9. Bf4 g5 10. Bg3 Bg7 11. e6 fxe6 12. e4 Ne5 13. Qb3 Qe7 14. O-O-O O-O
15. Be2 Kh8 16. h4 Ng6 17. h5 Nf4 18. h6 Be5 19. Kb1 a5 20. Qc2 Qf6 21. Nb5
Nxe2 22. Qxe2 Bxg3 23. Nd4 Be5 24. Qc4 Be8 0-1

[Event "13. Open Club Ajedrez Villaverde"]
[Site "Madrid ESP"]
[Date "2010.07.01"]
[Round "4.9"]
[White "Vazquez Gonzalez, Jesus"]
[Black "Arjona Martinez, Santiago"]
[Result "1/2-1/2"]
[WhiteElo "2089"]
[BlackElo "2022"]
[PlyCount "130"]
[EventDate "2010.06.28"]
[EventType "swiss"]
[EventRounds "9"]
[EventCountry "ESP"]
[Source "lmi"]
[SourceDate "2010.06.28"]

1. e4 c5 2. Nf3 d6 3. d4 cxd4 4. Nxd4 Nf6 5. Nc3 a6 6. Be2 e5 7. Nb3 Be6 8. Be3
Be7 9. Nd5 Nbd7 10. f3 Bxd5 11. exd5 O-O 12. O-O a5 13. a4 Nh5 14. Qd2 Qc7 15.
g4 Nf4 16. Bb5 Bg5 17. Kh1 Nf6 18. c4 h5 19. h4 Bxh4 20. Bxf4 exf4 21. Qxf4
hxg4 22. fxg4 Nh7 23. c5 Bg5 24. Qh2 Qc8 25. cxd6 Qxg4 26. Rae1 Nf6 27. Re5 Nh5
28. Rg1 Qf3+ 29. Qg2 Ng3+ 30. Kh2 Nf1+ 31. Rxf1 Bf4+ 32. Kh1 Qxg2+ 33. Kxg2
Bxe5 34. d7 Bxb2 35. Nc5 b6 36. Nd3 Ba3 37. Re1 Bd6 38. Re8 f5 39. Bc6 Rd8 40.
Re6 Rf6 41. Nb2 Rxe6 42. dxe6 Kf8 43. Nc4 Ke7 44. Bd5 Bc7 45. Ne3 Rf8 46. Nc2
g5 47. Nd4 Kd6 48. Bb3 Bd8 49. Nb5+ Kc5 50. Nc7 Rf6 51. Ne8 Rh6 52. Nc7 Rf6 53.
Ne8 Kb4 54. Nxf6 Bxf6 55. Bc2 f4 56. Kf3 b5 57. axb5 Kxb5 58. Ke4 Kc6 59. Kf5
Bd8 60. Ke5 Kc7 61. Bd1 Be7 62. Kd5 Bd8 63. Kc5 Be7+ 64. Kb5 Bb4 65. Bg4 Kd8
1/2-1/2

[Event "13. Open Club Ajedrez Villaverde"]
[Site "Madrid ESP"]
[Date "2010.07.01"]
[Round "4.10"]
[White "Iagar, Razvan-Gabriel"]
[Black "Cuadrado Lopez, Francisco Javier"]
[Result "1/2-1/2"]
[WhiteElo "2078"]
[BlackElo "1951"]
[PlyCount "73"]
[EventDate "2010.06.28"]
[EventType "swiss"]
[EventRounds "9"]
[EventCountry "ESP"]
[Source "lmi"]
[SourceDate "2010.06.28"]

1. d4 Nf6 2. c4 e6 3. Nc3 d5 4. cxd5 exd5 5. Bg5 Be7 6. Nf3 O-O 7. e3 c6 8. Qc2
h6 9. Bh4 Nh7 10. Bxe7 Qxe7 11. Bd3 Ng5 12. Nd2 Nd7 13. Ne2 Nf6 14. Ng3 g6 15.
O-O-O Ne6 16. Nf3 c5 17. dxc5 Nxc5 18. Nd4 Nxd3+ 19. Qxd3 Bd7 20. Kb1 Ng4 21.
Qe2 Rac8 22. h3 Ne5 23. Rc1 Nc4 24. Rhd1 Qb4 25. Nb3 Ba4 26. Qd3 Rfd8 27. Ne2
Bb5 28. Qd4 a5 29. Nf4 Bc6 30. Qc5 Qxc5 31. Nxc5 a4 32. b3 axb3 33. Nxb3 g5 34.
Nd3 b6 35. Nb4 Bb7 36. Nd4 Rd7 37. g3 1/2-1/2

[Event "13. Open Club Ajedrez Villaverde"]
[Site "Madrid ESP"]
[Date "2010.07.01"]
[Round "4.11"]
[White "Tirado Parra, Alberto"]
[Black "Beltran De Heredia E., Miguel"]
[Result "0-1"]
[WhiteElo "1936"]
[BlackElo "2078"]
[PlyCount "76"]
[EventDate "2010.06.28"]
[EventType "swiss"]
[EventRounds "9"]
[EventCountry "ESP"]
[Source "lmi"]
[SourceDate "2010.06.28"]

1. b4 e5 2. Bb2 Bxb4 3. Bxe5 Nf6 4. Bb2 O-O 5. c4 Re8 6. Nf3 d5 7. e3 c6 8. Be2
Bf5 9. Qb3 Be7 10. Qxb7 Nbd7 11. Nd4 Nc5 12. Qxa8 Qxa8 13. Nxf5 Na4 14. Nxe7+
Rxe7 15. Bxf6 gxf6 16. cxd5 Qb7 17. dxc6 Qb2 18. O-O Qxa1 19. Nc3 Qb2 20. Nxa4
Qc2 21. Bd1 Qxc6 22. d4 f5 23. Nc5 f4 24. Bf3 Qd6 25. Ne4 Qg6 26. Nc3 fxe3 27.
fxe3 Kg7 28. e4 Qb6 29. Rd1 Rd7 30. Nd5 Qa5 31. Ne3 Qxa2 32. d5 Qb3 33. Nf5+
Kf6 34. Bg4 Rd8 35. d6 a5 36. Rf1 Ke5 37. Nh6 Qe3+ 38. Kh1 Qxh6 0-1

[Event "13. Open Club Ajedrez Villaverde"]
[Site "Madrid ESP"]
[Date "2010.07.01"]
[Round "4.12"]
[White "Martin-Consuegra Barrilero, Francisco Javier"]
[Black "Lopez de Turiso Sanchez, Jose Angel"]
[Result "1/2-1/2"]
[WhiteElo "1918"]
[BlackElo "2110"]
[PlyCount "148"]
[EventDate "2010.06.28"]
[EventType "swiss"]
[EventRounds "9"]
[EventCountry "ESP"]
[Source "lmi"]
[SourceDate "2010.06.28"]

1. d4 f5 2. Bf4 d6 3. e3 Nf6 4. h3 g6 5. Bc4 Bg7 6. Nf3 e6 7. Nc3 Qe7 8. Qe2 d5
9. Bb3 a6 10. O-O-O c5 11. dxc5 Qxc5 12. Na4 Qa7 13. Bd6 Ne4 14. Be5 Bxe5 15.
Nxe5 b5 16. Nc3 Nxc3 17. bxc3 Qc7 18. f4 Qxc3 19. Qd3 Qxd3 20. cxd3 Nd7 21.
Nxd7 Bxd7 22. Kb2 Ke7 23. Rc1 Kd6 24. d4 h6 25. h4 Rhg8 26. g3 g5 27. hxg5 hxg5
28. Rcg1 gxf4 29. gxf4 Rxg1 30. Rxg1 Rh8 31. a3 Rh3 32. Re1 a5 33. Kc3 Be8 34.
Bc2 Kc6 35. Bd3 Bh5 36. Kb3 Kb6 37. Kc3 Be8 38. Kd2 Rh2+ 39. Kc3 a4 40. Bc2 Ka5
41. Rb1 Rh7 42. Bd3 Rc7+ 43. Kd2 Rc8 44. Rg1 Bd7 45. Rb1 Bc6 46. Rc1 b4 47.
Rc5+ Kb6 48. axb4 Rh8 49. Ra5 Rh2+ 50. Kc3 Ra2 51. Bc2 Ra3+ 52. Kd2 Bb5 53. Ra8
Ra1 54. Rb8+ Kc6 55. Rc8+ Kb7 56. Rc3 Bc4 57. Bd1 Kb6 58. Rc1 Rxc1 59. Kxc1 Kb5
60. Bh5 Kxb4 61. Bf7 Bd3 62. Kb2 a3+ 63. Ka2 Kc3 64. Bxe6 Be4 65. Kxa3 Kd3 66.
Kb4 Kxe3 67. Kc5 Kxf4 68. Bxd5 Bxd5 69. Kxd5 Ke3 70. Ke6 f4 71. d5 f3 72. d6 f2
73. d7 f1=Q 74. d8=Q Qh3+ 1/2-1/2

[Event "13. Open Club Ajedrez Villaverde"]
[Site "Madrid ESP"]
[Date "2010.07.01"]
[Round "4.13"]
[White "Laynez Aspenberg, Jose"]
[Black "Martinez Peiro, Gabriel"]
[Result "0-1"]
[WhiteElo "1910"]
[BlackElo "2058"]
[PlyCount "72"]
[EventDate "2010.06.28"]
[EventType "swiss"]
[EventRounds "9"]
[EventCountry "ESP"]
[Source "lmi"]
[SourceDate "2010.06.28"]

1. d4 d5 2. c4 c6 3. e3 Nf6 4. Nf3 e6 5. Bd3 dxc4 6. Bxc4 c5 7. Nc3 a6 8. O-O
b5 9. Bd3 Bb7 10. Re1 Nc6 11. a3 cxd4 12. exd4 Be7 13. Bc2 Qc7 14. Qd3 Rd8 15.
Bg5 h6 16. Bh4 g5 17. Bg3 Qb6 18. h3 Nxd4 19. Nxd4 Qxd4 20. Qf1 Qc4 21. Qxc4
bxc4 22. Ba4+ Kf8 23. Be5 Kg7 24. Rac1 Bd6 25. Rcd1 Bxe5 26. Rxe5 Rxd1+ 27.
Nxd1 Nd5 28. Bc2 Kf6 29. Re4 Rc8 30. Rd4 Nf4 31. Rd7 Bxg2 32. Ra7 Bxh3 33. Rxa6
Nd5 34. Be4 Ke5 35. f3 Bf5 36. Ra7 Rc7 0-1

[Event "13. Open Club Ajedrez Villaverde"]
[Site "Madrid ESP"]
[Date "2010.07.01"]
[Round "4.14"]
[White "Cano Cabanillas, Javier"]
[Black "Rodriguez Bachiller, Luis"]
[Result "1/2-1/2"]
[WhiteElo "1960"]
[BlackElo "1894"]
[PlyCount "126"]
[EventDate "2010.06.28"]
[EventType "swiss"]
[EventRounds "9"]
[EventCountry "ESP"]
[Source "lmi"]
[SourceDate "2010.06.28"]

1. e4 e6 2. d4 d5 3. Nd2 c5 4. exd5 exd5 5. Ngf3 Nf6 6. Bb5+ Bd7 7. Qe2+ Qe7 8.
O-O Qxe2 9. Bxe2 cxd4 10. Re1 Nc6 11. Ba6+ Be7 12. Bxb7 Rb8 13. Bxc6 Bxc6 14.
Nxd4 Bd7 15. b3 Kd8 16. c4 Bb4 17. N4f3 Bc3 18. Rb1 dxc4 19. Bb2 Bxb2 20. Nxc4
Bc3 21. Re3 Bb4 22. Rd1 Re8 23. Nce5 Kc7 24. a3 Bxa3 25. Rc3+ Kb7 26. Nxd7 Rbd8
27. Rcd3 Kc7 28. Nxf6 gxf6 29. Rxd8 Rxd8 30. Rxd8 Kxd8 31. Kf1 Ke7 32. Ke2 Ke6
33. Nd2 Kd5 34. Kd3 f5 35. f3 Bc5 36. Nf1 Bg1 37. h3 Bf2 38. Ne3+ Ke5 39. Ke2
Bg1 40. Kd3 Kf4 41. Nf1 Ke5 42. Kc4 Bf2 43. Kd3 Bg1 44. Ng3 Bf2 45. Ne2 Bb6 46.
Kc4 Be3 47. Kb5 Kd5 48. Ng3 Ke5 49. Kc6 Bf2 50. Ne2 Be3 51. b4 Bd2 52. b5 Be3
53. f4+ Ke6 54. g4 f6 55. Kb7 fxg4 56. hxg4 Kd6 57. Nc3 Kc5 58. Ka6 Kc4 59. Ne4
Bd4 60. g5 fxg5 61. fxg5 Be3 62. Nf6 Bxg5 63. Nxh7 Be7 1/2-1/2

[Event "13. Open Club Ajedrez Villaverde"]
[Site "Madrid ESP"]
[Date "2010.07.01"]
[Round "4.15"]
[White "Serrano Pozo, Fermin"]
[Black "Rodriguez Diaz, Alberto Jose"]
[Result "1-0"]
[WhiteElo "1893"]
[BlackElo "1955"]
[PlyCount "105"]
[EventDate "2010.06.28"]
[EventType "swiss"]
[EventRounds "9"]
[EventCountry "ESP"]
[Source "lmi"]
[SourceDate "2010.06.28"]

1. e4 e5 2. Nf3 Nc6 3. Nc3 Nf6 4. d4 exd4 5. Nxd4 Bb4 6. Nxc6 bxc6 7. Bd3 h6 8.
e5 Nd5 9. Qg4 g5 10. O-O Qe7 11. Nxd5 cxd5 12. c3 Bc5 13. b4 Bb6 14. Qg3 Qe6
15. Kh1 a5 16. f4 Bb7 17. fxg5 O-O-O 18. Rf6 Qe7 19. Rxh6 axb4 20. Bd2 bxc3 21.
Bxc3 Rhg8 22. Rf6 d4 23. Bd2 Bd5 24. Rc1 Kb8 25. Bc4 Bxc4 26. Rxc4 Rg6 27. Bb4
Rxf6 28. gxf6 Qe6 29. Rc2 Qf5 30. Rc1 Rh8 31. a4 c5 32. a5 Bc7 33. Bxc5 Qxe5
34. Rb1+ Ka8 35. Qxe5 Bxe5 36. h3 d6 37. Bb6 Rh6 38. Rd1 Rh4 39. Rd3 Bxf6 40.
g4 Kb7 41. Kg2 Kc6 42. Bxd4 Bxd4 43. Rxd4 Rh8 44. Ra4 Kb5 45. Ra1 Ra8 46. Kf3
Kc4 47. a6 d5 48. Ke2 Kc3 49. Kd1 d4 50. a7 Kd3 51. Ra3+ Kc4 52. Kd2 Kb4 53.
Ra1 1-0

[Event "13. Open Club Ajedrez Villaverde"]
[Site "Madrid ESP"]
[Date "2010.07.01"]
[Round "4.16"]
[White "Alonso Sanchez, Victor M"]
[Black "Ibanez Moreno, Sergio"]
[Result "1-0"]
[WhiteElo "1943"]
[BlackElo "1825"]
[PlyCount "37"]
[EventDate "2010.06.28"]
[EventType "swiss"]
[EventRounds "9"]
[EventCountry "ESP"]
[Source "lmi"]
[SourceDate "2010.06.28"]

1. d4 Nf6 2. Nc3 e6 3. Bg5 Bb4 4. e4 h6 5. Bxf6 Qxf6 6. Nf3 b6 7. Bd3 Bb7 8.
O-O Bxc3 9. bxc3 O-O 10. e5 Qf4 11. Nd2 f5 12. exf6 Qxf6 13. Qe2 Nc6 14. Ne4
Qh4 15. Ng3 Rae8 16. f4 Re7 17. Qe4 Qg4 18. Qh7+ Kf7 19. Be2 1-0

[Event "13. Open Club Ajedrez Villaverde"]
[Site "Madrid ESP"]
[Date "2010.07.01"]
[Round "4.17"]
[White "Martin Espeja, Jorge J"]
[Black "Camarero Izquierdo, Juan Carlos"]
[Result "1/2-1/2"]
[WhiteElo "1881"]
[BlackElo "1935"]
[PlyCount "81"]
[EventDate "2010.06.28"]
[EventType "swiss"]
[EventRounds "9"]
[EventCountry "ESP"]
[Source "lmi"]
[SourceDate "2010.06.28"]

1. e4 c5 2. c3 d6 3. d4 Nd7 4. f4 g6 5. Nf3 Bg7 6. e5 dxe5 7. fxe5 e6 8. Nbd2
Ne7 9. Ne4 O-O 10. Bg5 h6 11. Bxe7 Qxe7 12. Bb5 cxd4 13. Bxd7 Bxd7 14. cxd4 Bc6
15. Nd6 Bxf3 16. Qxf3 f6 17. Qxb7 Qxb7 18. Nxb7 fxe5 19. dxe5 Bxe5 20. Rd1 Bxb2
21. Ke2 e5 22. Rd7 Bd4 23. Rc1 Rac8 24. Rxc8 Rxc8 25. Kd3 Rc3+ 26. Ke4 Ra3 27.
Kd5 Rxa2 28. Rd8+ Kg7 29. Ke6 h5 30. h4 Rxg2 31. Rd7+ Kh6 32. Nd6 Rf2 33. Nf7+
Rxf7 34. Rxf7 a5 35. Rf6 a4 36. Kf7 e4 37. Rxg6+ Kh7 38. Rg5 Kh6 39. Rg6+ Kh7
40. Ra6 e3 41. Ra5 1/2-1/2

[Event "13. Open Club Ajedrez Villaverde"]
[Site "Madrid ESP"]
[Date "2010.07.01"]
[Round "4.18"]
[White "Illan Gomez, Miguel"]
[Black "Caballero Gallego, Luis"]
[Result "0-1"]
[WhiteElo "1798"]
[BlackElo "1933"]
[PlyCount "93"]
[EventDate "2010.06.28"]
[EventType "swiss"]
[EventRounds "9"]
[EventCountry "ESP"]
[Source "lmi"]
[SourceDate "2010.06.28"]

1. e4 c5 2. Nf3 d6 3. c3 Nf6 4. h3 Nc6 5. Bd3 g6 6. Bc2 Bg7 7. d4 O-O 8. O-O e5
9. dxc5 dxc5 10. Qe2 Qc7 11. Bg5 h6 12. Be3 b6 13. Nbd2 Bb7 14. Rac1 Rfd8 15.
Rfd1 Nh5 16. Nh2 Nf4 17. Bxf4 exf4 18. Ndf3 Ne5 19. Nxe5 Qxe5 20. Nf3 Qe7 21.
Re1 Re8 22. Bb1 Kf8 23. Qc2 Rad8 24. Qa4 Qc7 25. Rcd1 Bc6 26. Qc2 Rxd1 27. Qxd1
Re6 28. Qd2 g5 29. Qc1 Qe7 30. Kf1 Bxe4 31. Bxe4 Rxe4 32. Qc2 f5 33. Qd3 h5 34.
Rd1 g4 35. Nd2 Re5 36. Nc4 Re4 37. Nd6 gxh3 38. Qxh3 Re5 39. Nc4 Re6 40. Qxf5+
Bf6 41. Qxf4 Kg7 42. Qf5 Kh6 43. g3 Bg5 44. f4 Bf6 45. Qb1 Qb7 46. Kf2 Qe4 47.
Re1 0-1

[Event "13. Open Club Ajedrez Villaverde"]
[Site "Madrid ESP"]
[Date "2010.07.01"]
[Round "4.19"]
[White "Gutierrez Garcia, Alberto"]
[Black "Penaranda Grilo, Juan Carlos"]
[Result "0-1"]
[WhiteElo "1688"]
[BlackElo "1921"]
[PlyCount "58"]
[EventDate "2010.06.28"]
[EventType "swiss"]
[EventRounds "9"]
[EventCountry "ESP"]
[Source "lmi"]
[SourceDate "2010.06.28"]

1. Nf3 d5 2. d4 e6 3. Bf4 Nf6 4. h3 c5 5. Nc3 Nc6 6. Nb1 Nb8 7. c3 Nc6 8. Nbd2
Qb6 9. Qb3 Be7 10. e3 O-O 11. Qc2 Bd7 12. Be2 Rac8 13. O-O cxd4 14. exd4 Nxd4
15. Nxd4 Qxd4 16. Be3 Qe5 17. Nf3 Qb8 18. Rfd1 Bc5 19. Bg5 Ne4 20. Bh4 Qf4 21.
Bd3 f5 22. Bxe4 fxe4 23. Bg5 Qf5 24. Nd2 Bxf2+ 25. Kh1 Qxg5 26. Nxe4 Qf5 27.
Rd2 Qxe4 28. Qxe4 dxe4 29. Rxd7 e3 0-1

[Event "13. Open Club Ajedrez Villaverde"]
[Site "Madrid ESP"]
[Date "2010.07.01"]
[Round "4.21"]
[White "Alvarez Romero, Carlos"]
[Black "Vidaurre, Luis"]
[Result "0-1"]
[WhiteElo "1780"]
[BlackElo "1934"]
[PlyCount "52"]
[EventDate "2010.06.28"]
[EventType "swiss"]
[EventRounds "9"]
[EventCountry "ESP"]
[Source "lmi"]
[SourceDate "2010.06.28"]

1. e4 c5 2. Nf3 Nc6 3. Nc3 d6 4. d4 cxd4 5. Nxd4 Bd7 6. Be3 g6 7. Nxc6 Bxc6 8.
Bd4 e5 9. Be3 Qd7 10. Bc4 Bg7 11. O-O Ne7 12. Qd2 Rd8 13. Bxa7 b5 14. Bb6 Rb8
15. Bxf7+ Kxf7 16. Be3 Rhd8 17. f4 Kg8 18. Nd5 Bxd5 19. exd5 Nf5 20. c3 Nxe3
21. Qxe3 Bh6 22. g3 Rf8 23. Qe4 exf4 24. gxf4 Qg4+ 25. Kh1 Rbe8 26. Qb4 Re2 0-1

[Event "13. Open Club Ajedrez Villaverde"]
[Site "Madrid ESP"]
[Date "2010.07.01"]
[Round "4.22"]
[White "Martinez Miura, Enrique"]
[Black "Rodriguez Sampedro, Ricardo"]
[Result "1-0"]
[WhiteElo "1727"]
[BlackElo "1926"]
[PlyCount "57"]
[EventDate "2010.06.28"]
[EventType "swiss"]
[EventRounds "9"]
[EventCountry "ESP"]
[Source "lmi"]
[SourceDate "2010.06.28"]

1. e4 c6 2. d4 d5 3. Nc3 dxe4 4. Nxe4 Nd7 5. Nf3 Ngf6 6. Nxf6+ Nxf6 7. Bd3 Bg4
8. h3 Bxf3 9. Qxf3 Qxd4 10. O-O e6 11. Be3 Qd5 12. Qe2 Be7 13. Bc4 Qe5 14. f4
Qc7 15. Rad1 O-O 16. Kh1 Ne4 17. Qf3 f5 18. Bxe6+ Kh8 19. Rd7 Qa5 20. Rxe7 Nf6
21. Rxb7 Qa6 22. Rc7 Ne4 23. Rd1 Rad8 24. Rdd7 Rxd7 25. Rxd7 c5 26. Bxf5 Qf1+
27. Qxf1 Ng3+ 28. Kg1 Nxf1 29. Kxf1 1-0

[Event "13. Open Club Ajedrez Villaverde"]
[Site "Madrid ESP"]
[Date "2010.07.01"]
[Round "4.23"]
[White "Garcia-Ines Sanchez, Gustavo"]
[Black "Tevar Sanz, Gonzalo"]
[Result "0-1"]
[WhiteElo "1704"]
[BlackElo "1887"]
[PlyCount "63"]
[EventDate "2010.06.28"]
[EventType "swiss"]
[EventRounds "9"]
[EventCountry "ESP"]
[Source "lmi"]
[SourceDate "2010.06.28"]

1. e4 e6 2. Nf3 d5 3. exd5 exd5 4. d4 Bg4 5. Be2 Bd6 6. Nc3 Ne7 7. h3 Bh5 8.
Bg5 f6 9. Be3 Nbc6 10. Qd2 Bb4 11. O-O-O Qd7 12. g4 Bf7 13. g5 O-O-O 14. gxf6
gxf6 15. Rdg1 Nf5 16. a3 Ba5 17. Bf4 Bh5 18. Qd3 Rhe8 19. Na4 Rxe2 20. Qxe2
Ncxd4 21. Qd3 Bxf3 22. Nc5 Qc6 23. b4 Bxh1 24. Rxh1 Re8 25. c3 Ne2+ 26. Kb1
Nxf4 27. Qxf5+ Ne6 28. Nxe6 Qxe6 29. Qxe6+ Rxe6 30. bxa5 c6 31. Kc2 Re4 32. Kd3
0-1

[Event "13. Open Club Ajedrez Villaverde"]
[Site "Madrid ESP"]
[Date "2010.07.01"]
[Round "4.25"]
[White "De La Orden Alcocer, Alejandro"]
[Black "Fariñas Lucas, Juan Antonio"]
[Result "1-0"]
[WhiteElo "1795"]
[BlackElo "1698"]
[PlyCount "95"]
[EventDate "2010.06.28"]
[EventType "swiss"]
[EventRounds "9"]
[EventCountry "ESP"]
[Source "lmi"]
[SourceDate "2010.06.28"]

1. c4 e5 2. Nc3 Nf6 3. g3 Bc5 4. Bg2 Nc6 5. d3 h6 6. Nf3 d6 7. a3 a5 8. O-O O-O
9. Bd2 Bf5 10. Ne1 Qd7 11. Nd5 Nxd5 12. cxd5 Ne7 13. e4 Bh3 14. Nc2 Bxg2 15.
Kxg2 c6 16. b4 axb4 17. axb4 Bb6 18. dxc6 Nxc6 19. Qh5 Nd4 20. Rxa8 Rxa8 21.
Ne3 Ra2 22. Nc4 Ba7 23. Bc1 Nc2 24. b5 Bd4 25. Kh1 Nb4 26. Qf3 Ra1 27. Rd1 Na2
28. Ba3 Rxd1+ 29. Qxd1 Bc5 30. Qb3 Bxa3 31. Qxa3 Qxb5 32. Qxa2 Qc5 33. Kg2 b5
34. Ne3 Qd4 35. Qa8+ Kh7 36. Qd5 Qxd5 37. Nxd5 Kg8 38. Kf1 Kf8 39. Ke2 Ke8 40.
Nc7+ Kd7 41. Nxb5 Kc6 42. Nc3 Kc5 43. Ke3 g6 44. Nd5 f5 45. h4 fxe4 46. dxe4
Kc4 47. Ne7 g5 48. h5 1-0